Make a wish / (Record no. 4792)

MARC details
000 -LEADER
fixed length control field 00993cam a2200313 a 4500
001 - CONTROL NUMBER
control field 3453732
003 - CONTROL NUMBER IDENTIFIER
control field GBCCL
005 - DATE AND TIME OF LATEST TRANSACTION
control field 20241126110527.0
008 - FIXED-LENGTH DATA ELEMENTS--GENERAL INFORMATION
fixed length control field 920108s1991 nyua j 000 0 eng
010 ## -
-- 92101816
020 ## - INTERNATIONAL STANDARD BOOK NUMBER
International Standard Book Number 0800754050 (pbk.)
040 ## - CATALOGING SOURCE
Original cataloging agency DLC
Transcribing agency DLC
Modifying agency DLC
042 ## -
-- lcac
050 00 -
-- BV4571.2
-- .C365 1991
082 00 - DEWEY DECIMAL CLASSIFICATION NUMBER
Classification number 248.82
Edition information 20
Item number CAR
100 1# - MAIN ENTRY--PERSONAL NAME
Personal name Carney, Mary Lou,
Dates associated with a name 1949-
9 (RLIN) 8747
245 10 - TITLE STATEMENT
Title Make a wish /
Statement of responsibility, etc. Mary Lou Carney.
260 ## - PUBLICATION, DISTRIBUTION, ETC.
Place of publication, distribution, etc. Tarrytown, N.Y. :
Name of publisher, distributor, etc. F.H. Revell,
Date of publication, distribution, etc. c1988.
300 ## - PHYSICAL DESCRIPTION
Extent 144 p. :
Other physical details ill. ;
Dimensions 23 cm.
490 1# - SERIES STATEMENT
Series statement A Faith 'n stuff book
650 #0 - SUBJECT ADDED ENTRY--TOPICAL TERM
Topical term or geographic name entry element Children
General subdivision Religious life.
9 (RLIN) 2307
650 #0 - SUBJECT ADDED ENTRY--TOPICAL TERM
Topical term or geographic name entry element Children
General subdivision Conduct of life.
9 (RLIN) 6193
650 #1 - SUBJECT ADDED ENTRY--TOPICAL TERM
Topical term or geographic name entry element Conduct of life.
9 (RLIN) 524
650 #1 - SUBJECT ADDED ENTRY--TOPICAL TERM
Topical term or geographic name entry element Christian life.
9 (RLIN) 183
800 1# -
-- Carney, Mary Lou,
-- 1949-
-- Faith 'n stuff.
-- 8748
906 ## - LOCAL DATA ELEMENT F, LDF (RLIN)
a 7
b cbc
c orignew
d 3
e ncip
f 19
g y-gencatlg
942 ## - ADDED ENTRY ELEMENTS (KOHA)
Source of classification or shelving scheme Dewey Decimal Classification
Koha item type Books
Holdings
Withdrawn status Lost status Source of classification or shelving scheme Damaged status Not for loan Home library Current Library Shelving location Date acquired Total checkouts Full call number Barcode Date last seen Copy number Price effective from Koha item type
    Dewey Decimal Classification     GRACE BIBLE COLLEGE GRACE BIBLE COLLEGE Ministry & Mission 2018-02-07   248.82 CAR 007948 2025-05-01 c.1 2018-02-07 Books
© Grace Bible College Library 2025